| 000 | 02793nam0a22003971 4500 | ||
|---|---|---|---|
| 001 | v19\rc\1189595 | ||
| 005 | 20260406234046.0 | ||
| 035 | _a(NLR Aleph) 004357002 | ||
| 090 |
_a3325210 _c3325210 |
||
| 100 | _a20051201d1826 |||y0rusy50 ca | ||
| 101 | 0 | _arus | |
| 102 | _aRU | ||
| 135 | _acrcn 024anaba | ||
| 140 | _ay y da yaa0000 | ||
| 200 | 1 | _aПорядок смотра его императорским величеством округов военнаго поселения 1-й Гренадерской дивизии в июле месяце 1826 года | |
| 210 |
_aСанктпетербург _cв типографии Штаба военных поселений _d1826 |
||
| 215 |
_a8 с. _d8° |
||
| 316 |
_aЭкз. РНБ (18.13.6.30 (алл.1)) является частью владельч. конволюта. Припл. 1 ед. В обл. из картона, оклеенного красноватой бумагой. На 1-й с. обл. ярлык с шифром РНБ и бумаж. наклейка с номером: "№ 160". На 2-й с. обл. ярлык с шифром РНБ. На с.3 круглый штамп ГПБ. На с.3, 5-6 владельч. пометы, уточняющие текст, на с.7 пять строк зачеркнуто. Размер: 19,0х12,5х0,4 см _5NLR: 18.13.6.30 (алл.1) |
||
| 325 | _aКопия доступна в Электрон. б-ке РНБ | ||
| 481 | 0 |
_1001RU\NLR\BIBL_A\012695580 _912861238 _aКлейнмихель, П.А. (1793-1969) _d[1826] _p[4] с. _tПриказ по Отдельному корпусу военных поселений июля 19 дня 1826 года |
|
| 532 | 1 | 1 | _aПорядок смотра его императорским величеством округов военного поселения Первой Гренадерской дивизии в июле месяце 1826 года |
| 620 | _dСанкт-Петербург | ||
| 702 | 0 |
_7ca _8rus _aНиколай _cимператор российский _dI _f1796-1855 _9119033 _3RU\NLR\AUTH\779185 |
|
| 712 | 0 | 2 |
_aГренадерская дивизия _c1 _9470750 _3RU\NLR\AUTH\889987578 |
| 712 | 0 | 1 |
_aРоссия _bШтаб военных поселений _bТипография _4610 |
| 801 | 0 |
_aRU _bNLR _gpsbo |
|
| 801 | 0 |
_aRU _bRuMoRGB _2psbo |
|
| 801 | 1 |
_aRU _bProSoft-M _2rusmarc |
|
| 852 |
_aNLR _j18.13.6.30 (алл.1) |
||
| 942 | _cBOOK | ||
| 980 | _aNB | ||
| 981 | 2 | 2 |
_a(22) Материалы по истории России _b(22) Военное дело |
| 981 | 2 | 0 |
_a(20) Книжные памятники РНБ _b(20) Русский книжный фонд |